| 000 | 00770nam a2200205Ia 4500 | ||
|---|---|---|---|
| 001 | b4412-28095 [5621] | ||
| 003 | IT-MiCISF | ||
| 008 | 161014s9999||||xx |||||||||||||| ||und|| | ||
| 040 |
_aIT-MiCISF _cIT-MiCISF |
||
| 041 | _ait | ||
| 100 | _aConteri Germana (a cura di) | ||
| 245 | 0 |
_aFamiglia aperta _bPercorsi e prospettive di accoglienza e di solidarietà |
|
| 250 | _a1a ed. | ||
| 260 |
_a Milano _bOltre, In dialogo, Milano _c1998 |
||
| 300 | _app. 124 | ||
| 500 | _aBelletti F., Bertola C., Bramanti D., Caccia S., Campanini G., Colmegna V., Conteri G., Martini C.M., Mozzanica M., Rosas A., Serpa D., Sidoli R. / famiglia, solidarietà, società, rapporti-familiari, famiglia-aperta / | ||
| 650 | _afamiglia | ||
| 942 | _cBK | ||
| 957 | _71 | ||
| 999 |
_a28095 _bsi _g1 _c212855 _d212855 |
||